[Event "Quebec-ch"]
[Site "Montreal CAN"]
[Date "2006.09.17"]
[Round "9"]
[White "Masse, Hugues"]
[Black "Benoit-Deschamps, Jean-Marc"]
[Result "1-0"]
[WhiteElo "2176"]
[BlackElo "2115"]
[PlyCount "145"]
[EventDate "2006.09.08"]
[EventType "tourn"]
[EventRounds "9"]
[EventCountry "CAN"]

1. e4 c5 2. Nf3 d6 3. d4 cxd4 4. Nxd4 Nf6 5. Nc3 g6 6. Be3 Bg7 7. f3 Nc6 8. Qd2
O-O 9. O-O-O Nxd4 10. Bxd4 Be6 11. Kb1 Qc7 12. h4 Rfc8 13. h5 Qa5 14. hxg6 hxg6
15. a3 Rab8 16. Bd3 Bc4 17. Bxc4 Rxc4 18. Qc1 e6 19. g4 Rbc8 20. g5 Nh5 21.
Bxg7 Kxg7 22. Rxd6 b5 23. Rd7 R8c7 24. Rxc7 Rxc7 25. Qe3 Rb7 26. Qd4+ Kg8 27.
Qc5 Qb6 28. Qc8+ Kg7 29. Rd1 Rb8 30. Qd7 Rb7 31. Qd2 Qc5 32. Ne2 Qe5 33. Qe3 b4
34. f4 Qb8 35. f5 bxa3 36. Qxa3 Qe5 37. f6+ Kh7 38. Rh1 Qxe4 39. Ng3 Qb4 40.
Qxb4 Rxb4 41. Rg1 Rg4 42. Ne2 Rxg1+ 43. Nxg1 Nf4 44. c4 e5 45. Kc2 Ne6 46. Nh3
a5 47. Kd3 Nc5+ 48. Kc3 Ne6 49. Kd3 Nc5+ 50. Kd2 Ne6 51. Ke3 Nc5 52. Nf2 Ne6
53. Ne4 Kg8 54. c5 Kf8 55. c6 Ke8 56. Nd6+ Kd8 57. Nxf7+ Kc7 58. Nxe5 Nxg5 59.
f7 Nxf7 60. Nxf7 Kxc6 61. Kd4 Kb5 62. Kc3 Kc5 63. Kb3 Kb5 64. Ka3 a4 65. Ng5
Ka5 66. Ne4 Kb5 67. Nc3+ Kc4 68. Kxa4 Kd4 69. b4 g5 70. b5 g4 71. b6 Ke3 72. b7
g3 73. b8=Q 1-0

[Event "Quebec-ch"]
[Site "Montreal CAN"]
[Date "2006.09.17"]
[Round "9"]
[White "Ye, Ling Feng"]
[Black "Voskanyan, Vahagn"]
[Result "0-1"]
[WhiteElo "2103"]
[BlackElo "2332"]
[PlyCount "148"]
[EventDate "2006.09.08"]
[EventType "tourn"]
[EventRounds "9"]
[EventCountry "CAN"]

1. e4 c6 2. d4 d5 3. Nc3 dxe4 4. Nxe4 Nf6 5. Nxf6+ exf6 6. Bc4 Bd6 7. Qe2+ Be7
8. Nf3 O-O 9. h3 Re8 10. O-O Bd6 11. Be3 Bf5 12. Bb3 Nd7 13. c4 c5 14. Bc2 Bg6
15. Bxg6 hxg6 16. Qd2 Qc7 17. dxc5 Nxc5 18. Bxc5 Qxc5 19. Rfe1 Red8 20. Qc2
Rac8 21. b3 b5 22. Rac1 Bf4 23. Rb1 f5 24. Rbd1 Rxd1 25. Rxd1 f6 26. Rd4 Be5
27. Nxe5 Qxd4 28. Nxg6 Re8 29. Qxf5 bxc4 30. bxc4 Qxc4 31. a3 Qe4 32. Qh5 Qd4
33. Qh8+ Kf7 34. Qh5 Rd8 35. Ne5+ Ke6 36. Nf3 Qa1+ 37. Kh2 Qxa3 38. Qg6 Qe7 39.
Nh4 Qc7+ 40. g3 Rd5 41. Qe8+ Kd6 42. Ng6 Qd7 43. Qb8+ Kc6 44. Nf4 Rb5 45. Qa8+
Kb6 46. Qb8+ Ka6 47. Qf8 Kb7 48. Qa3 a5 49. Qa4 Kb6 50. Ne2 Rd5 51. Qb3+ Ka6
52. Qc4+ Qb5 53. Qc8+ Qb7 54. Qc4+ Ka7 55. Nc3 Re5 56. Qd4+ Qb6 57. Qd7+ Kb8
58. Qd2 Qc6 59. Nd1 Kc8 60. Ne3 Rc5 61. Qd3 Kb7 62. Nf5 Rc1 63. g4 g5 64. Nd6+
Kc7 65. Ne4 Re1 66. Ng3 a4 67. Qh7+ Kb6 68. Qd3 Rc1 69. Qd4+ Kb7 70. Qb4+ Ka6
71. Qd4 Rc3 72. Ne2 Rc4 73. Qd3 Kb7 74. Qh7+ Qc7+ 0-1

[Event "Quebec-ch 1/2 final"]
[Site "Montreal CAN"]
[Date "2006.06.16"]
[Round "1"]
[White "Arsenault, Michel"]
[Black "Dupont, Alain"]
[Result "1-0"]
[WhiteElo "2081"]
[BlackElo "1765"]
[PlyCount "45"]
[EventDate "2006.06.16"]
[EventType "swiss"]
[EventRounds "5"]
[EventCountry "CAN"]

1. c4 e6 2. Nf3 d5 3. g3 Nf6 4. Bg2 c5 5. O-O Nc6 6. e3 d4 7. exd4 cxd4 8. Re1
Bc5 9. d3 Qc7 10. a3 a5 11. Nbd2 O-O 12. Ng5 Nd7 13. Nde4 h6 14. Nxc5 Nxc5 15.
Ne4 Nxe4 16. Bxe4 e5 17. f4 exf4 18. Bxf4 Qd7 19. Qd2 Ne7 20. c5 f5 21. Bg2 Rf7
22. Bd6 Ng6 23. Bd5 1-0

[Event "Quebec-ch 1/2 final"]
[Site "Montreal CAN"]
[Date "2006.06.16"]
[Round "1"]
[White "Audet-Bouchard, Nicolas"]
[Black "Sicotte, Marc"]
[Result "1-0"]
[WhiteElo "2190"]
[BlackElo "2054"]
[PlyCount "67"]
[EventDate "2006.06.16"]
[EventType "swiss"]
[EventRounds "5"]
[EventCountry "CAN"]

1. e4 c5 2. Nf3 e6 3. d4 cxd4 4. Nxd4 Nf6 5. Nc3 d6 6. Be3 a6 7. f4 e5 8. Nf3
Ng4 9. Bd2 Be7 10. Bc4 O-O 11. Qe2 exf4 12. Bxf4 Nc6 13. O-O-O Be6 14. Nd5 Bxd5
15. Bxd5 Qc7 16. Bb3 Na5 17. Nd4 Nxb3+ 18. axb3 Ne5 19. Nf5 Rfe8 20. Bxe5 Bg5+
21. Kb1 Rxe5 22. Nxd6 b5 23. Qg4 Bf6 24. Nf5 Rc8 25. Rd2 Rc5 26. Rd7 Qc6 27.
Nh6+ Kf8 28. Rxf7+ Ke8 29. e5 Rxe5 30. Rc1 Bg5 31. Rxg7 Bxh6 32. Rg8+ Bf8 33.
Qg7 Qd6 34. Rf1 1-0

[Event "Quebec-ch 1/2 final"]
[Site "Montreal CAN"]
[Date "2006.06.16"]
[Round "1"]
[White "Poirier, Erik"]
[Black "Libersan, Thierry"]
[Result "1-0"]
[WhiteElo "2092"]
[BlackElo "2161"]
[PlyCount "65"]
[EventDate "2006.06.16"]
[EventType "swiss"]
[EventRounds "5"]
[EventCountry "CAN"]

1. d4 Nf6 2. c4 g6 3. Nc3 Bg7 4. e4 d6 5. Nf3 O-O 6. Be2 e5 7. O-O Nc6 8. d5
Ne7 9. Nd2 Nd7 10. b4 f5 11. f3 a5 12. bxa5 Rxa5 13. Nb3 Ra8 14. Be3 b6 15. a4
f4 16. Bf2 g5 17. a5 Rf6 18. axb6 Rxa1 19. bxc7 Qe8 20. Qxa1 Rh6 21. Rb1 Qh5
22. h3 Nf6 23. Kf1 Bxh3 24. gxh3 Qxh3+ 25. Ke1 Qg2 26. Nd2 Rh2 27. Rb8+ Kf7 28.
Qa7 Kg6 29. c8=Q Nxc8 30. Rxc8 g4 31. Bf1 Rh1 32. fxg4 Nxg4 33. Rg8 1-0

[Event "Quebec-ch 1/2 final"]
[Site "Montreal CAN"]
[Date "2006.06.16"]
[Round "1"]
[White "Sullivan, Neil"]
[Black "Arsenault, Nicolas"]
[Result "1/2-1/2"]
[WhiteElo "2135"]
[BlackElo "2081"]
[PlyCount "30"]
[EventDate "2006.06.16"]
[EventType "swiss"]
[EventRounds "5"]
[EventCountry "CAN"]

1. e4 e6 2. d3 d5 3. Nd2 Nf6 4. g3 b6 5. Bg2 Bb7 6. Qe2 dxe4 7. dxe4 Nc6 8. c3
e5 9. Ngf3 Bd6 10. O-O O-O 11. b4 a5 12. b5 Nb8 13. Nh4 Re8 14. Bb2 g6 15. Rfd1
Nbd7 1/2-1/2

[Event "Quebec-ch 1/2 final"]
[Site "Montreal CAN"]
[Date "2006.06.16"]
[Round "1"]
[White "Ye, Ling Feng"]
[Black "Deschenes, Marc-Andre"]
[Result "1-0"]
[WhiteElo "2065"]
[BlackElo "1676"]
[PlyCount "79"]
[EventDate "2006.06.16"]
[EventType "swiss"]
[EventRounds "5"]
[EventCountry "CAN"]

1. e4 c5 2. Nf3 Nc6 3. d4 cxd4 4. Nxd4 e5 5. Nb5 d6 6. c4 Be7 7. N1c3 a6 8. Na3
Nf6 9. Be2 Nd4 10. O-O O-O 11. Be3 Nxe2+ 12. Qxe2 Ng4 13. Nc2 Be6 14. h3 Nf6
15. b3 Rc8 16. Qd3 Nd7 17. Nb4 Nc5 18. Qd2 f5 19. exf5 Rxf5 20. Nbd5 Rf7 21.
Rad1 Rc6 22. Qe2 Nd7 23. Rd2 Nf6 24. Rfd1 Qf8 25. Nxf6+ Rxf6 26. Bg5 Rg6 27.
Bxe7 Qxe7 28. Qe3 Qd7 29. Kh2 Qc7 30. Ne4 Bf5 31. Ng3 Be6 32. f4 exf4 33. Qxf4
Rf6 34. Qe3 Bd7 35. Kh1 Re6 36. Qd4 Rf6 37. Ne4 Re6 38. Qd5 Kf8 39. Ng5 Rg6 40.
Qf7# 1-0

[Event "Quebec-ch 1/2 final"]
[Site "Montreal CAN"]
[Date "2006.06.17"]
[Round "2"]
[White "Lemire-Paquin, Alexandre"]
[Black "Pilotte, Benoit"]
[Result "1-0"]
[WhiteElo "1977"]
[BlackElo "1780"]
[PlyCount "81"]
[EventDate "2006.06.16"]
[EventType "swiss"]
[EventRounds "5"]
[EventCountry "CAN"]

1. d4 Nf6 2. c4 g6 3. Nf3 Bg7 4. g3 d5 5. cxd5 Nxd5 6. Bg2 O-O 7. O-O Nc6 8.
Nc3 Nxc3 9. bxc3 Bf5 10. Nd2 Nxd4 11. e4 Nb5 12. exf5 Nxc3 13. Qf3 Ne2+ 14.
Qxe2 Bxa1 15. Ba3 Bf6 16. Ne4 Re8 17. fxg6 hxg6 18. Nc5 b6 19. Rd1 Qc8 20. Bxa8
Qxa8 21. Ne4 Be5 22. Ng5 Bf6 23. Ne4 Be5 24. Qd3 c5 25. Qd5 Bd4 26. Qxa8 Rxa8
27. Kf1 f5 28. Ng5 e5 29. Nf3 Kf7 30. Nxd4 exd4 31. Re1 Rd8 32. Re5 Kf6 33. f4
Rd7 34. h4 c4 35. Ke1 c3 36. Re8 d3 37. Rc8 d2+ 38. Kd1 Rd3 39. Rxc3 Rd5 40.
Bb2 Rb5 41. Rb3+ 1-0

[Event "Quebec-ch 1/2 final"]
[Site "Montreal CAN"]
[Date "2006.06.17"]
[Round "2"]
[White "Libersan, Thierry"]
[Black "Sicotte, Marc"]
[Result "1/2-1/2"]
[WhiteElo "2161"]
[BlackElo "2054"]
[PlyCount "77"]
[EventDate "2006.06.16"]
[EventType "swiss"]
[EventRounds "5"]
[EventCountry "CAN"]

1. Nf3 Nf6 2. g3 d5 3. Bg2 Nbd7 4. O-O e5 5. d3 Bd6 6. Nc3 d4 7. Nb1 O-O 8.
Nbd2 c5 9. Nc4 Bc7 10. a4 Re8 11. Nfd2 Nb6 12. a5 Nbd5 13. Nb3 Qe7 14. Bg5 Be6
15. Nbd2 h6 16. Bxf6 Qxf6 17. e4 Nb4 18. f4 exf4 19. e5 Qe7 20. gxf4 Bd5 21.
Ne4 Bxc4 22. dxc4 Rad8 23. Ra3 d3 24. cxd3 Rd4 25. Qg4 Kh8 26. Rf3 Red8 27. Rg3
Qf8 28. Nxc5 b6 29. Nb7 R8d7 30. axb6 Bxb6 31. c5 Rxb7 32. cxb6 Rxb6 33. Rxa7
Rg6 34. Qf5 Qc5 35. Ra8+ Kh7 36. Qc8 Qxc8 37. Rxc8 Nxd3 38. Bh3 Rxf4 39. Rb8
1/2-1/2

[Event "Quebec-ch 1/2 final"]
[Site "Montreal CAN"]
[Date "2006.06.17"]
[Round "2"]
[White "Page, Denis"]
[Black "Sullivan, Neil"]
[Result "0-1"]
[WhiteElo "1785"]
[BlackElo "2135"]
[PlyCount "70"]
[EventDate "2006.06.16"]
[EventType "swiss"]
[EventRounds "5"]
[EventCountry "CAN"]

1. e4 c5 2. Nc3 Nc6 3. g3 g6 4. Bg2 Bg7 5. d3 d6 6. Be3 Bd7 7. Qd2 Qa5 8. Nge2
Nd4 9. Nd1 Nxc2+ 10. Kf1 Nxe3+ 11. Qxe3 Nf6 12. h3 Bc6 13. f4 O-O 14. Ndc3 e6
15. Kf2 d5 16. e5 d4 17. Qc1 Bxg2 18. Kxg2 dxc3 19. exf6 Bxf6 20. Nxc3 Rac8 21.
Ne4 Bg7 22. Nd6 Rc6 23. Nc4 Qd8 24. Rd1 b5 25. Ne3 Qd4 26. Rb1 e5 27. Nc2 Qd5+
28. Kh2 exf4 29. Qxf4 Rf6 30. Ne3 Qxa2 31. Qc7 Rf2+ 32. Kg1 Rxb2 33. Rxb2 Qxb2
34. Ng4 h5 35. Ne3 Qe2 0-1

[Event "Quebec-ch 1/2 final"]
[Site "Montreal CAN"]
[Date "2006.06.17"]
[Round "2"]
[White "Poirier, Erik"]
[Black "Arsenault, Michel"]
[Result "1/2-1/2"]
[WhiteElo "2092"]
[BlackElo "2081"]
[PlyCount "55"]
[EventDate "2006.06.16"]
[EventType "swiss"]
[EventRounds "5"]
[EventCountry "CAN"]

1. d4 Nf6 2. c4 e6 3. Nc3 Bb4 4. e3 c5 5. Bd3 Nc6 6. Nf3 d5 7. O-O O-O 8. a3
Bxc3 9. bxc3 Qc7 10. cxd5 exd5 11. Nd2 Re8 12. dxc5 Ne5 13. Be2 Qxc5 14. c4
dxc4 15. Bb2 b5 16. Bd4 Qc7 17. a4 b4 18. Nxc4 Nxc4 19. Rc1 Ba6 20. Bxc4 Bxc4
21. Bxf6 Qb6 22. Rxc4 Qxf6 23. Rxb4 Rad8 24. Qf3 Qxf3 25. gxf3 Rd7 26. Rfb1 g6
27. Rb8 Rxb8 28. Rxb8+ 1/2-1/2

[Event "Quebec-ch 1/2 final"]
[Site "Montreal CAN"]
[Date "2006.06.17"]
[Round "3"]
[White "Arsenault, Michel"]
[Black "Lemire-Paquin, Alexandre"]
[Result "0-1"]
[WhiteElo "2081"]
[BlackElo "1977"]
[PlyCount "52"]
[EventDate "2006.06.16"]
[EventType "swiss"]
[EventRounds "5"]
[EventCountry "CAN"]

1. c4 g6 2. g3 Bg7 3. Bg2 e5 4. Nc3 d6 5. e3 f5 6. Nge2 Nf6 7. O-O c6 8. d4 e4
9. f3 exf3 10. Bxf3 O-O 11. Re1 Re8 12. Qc2 Qe7 13. Nf4 Ne4 14. Bd2 Nd7 15.
Nxe4 fxe4 16. Bg2 Nf6 17. h3 g5 18. Ne2 Be6 19. g4 h5 20. gxh5 Nxh5 21. Bxe4
Rf8 22. Bg6 Bxh3 23. Bxh5 Qf6 24. Qe4 Qf2+ 25. Kh1 Rae8 26. Bxe8 Rf3 0-1

[Event "Quebec-ch 1/2 final"]
[Site "Montreal CAN"]
[Date "2006.06.17"]
[Round "3"]
[White "Deschenes, Marc-Andre"]
[Black "Libersan, Thierry"]
[Result "0-1"]
[WhiteElo "1676"]
[BlackElo "2161"]
[PlyCount "76"]
[EventDate "2006.06.16"]
[EventType "swiss"]
[EventRounds "5"]
[EventCountry "CAN"]

1. e4 c5 2. Nf3 e6 3. d4 cxd4 4. Nxd4 Nf6 5. Nc3 d6 6. Be2 a6 7. a4 b6 8. Be3
Nbd7 9. Nb3 Bb7 10. f3 Qc7 11. O-O d5 12. exd5 Nxd5 13. Nxd5 Bxd5 14. c3 Bd6
15. h3 O-O 16. Qc2 Nf6 17. Rfd1 Nh5 18. Bd3 g6 19. Bf2 f5 20. Nd4 Nf4 21. Ne2
Nxd3 22. Qxd3 Rfd8 23. Qc2 Bc5 24. Nd4 e5 25. Nb3 Bxf2+ 26. Kxf2 e4 27. Nd2
Qc5+ 28. Kg3 Qd6+ 29. Kf2 Qc5+ 30. Kg3 e3 31. Nb3 Qc7+ 32. f4 g5 33. Rd4 gxf4+
34. Rxf4 Kh8 35. Qxf5 Rg8+ 36. Kh4 Qe7+ 37. Kh5 Bf7+ 38. Kh6 Qf8# 0-1

[Event "Quebec-ch 1/2 final"]
[Site "Montreal CAN"]
[Date "2006.06.17"]
[Round "3"]
[White "Dupont, Alain"]
[Black "Pilotte, Benoit"]
[Result "1-0"]
[WhiteElo "1765"]
[BlackElo "1780"]
[PlyCount "71"]
[EventDate "2006.06.16"]
[EventType "swiss"]
[EventRounds "5"]
[EventCountry "CAN"]

1. e4 d5 2. exd5 e6 3. dxe6 Bxe6 4. Nf3 Nf6 5. d4 c5 6. Bb5+ Nbd7 7. O-O a6 8.
Be2 Qb6 9. Nc3 O-O-O 10. d5 Nb8 11. Bc4 h6 12. Qe2 Nxd5 13. Nxd5 Bxd5 14. Bxd5
Rxd5 15. Qe8+ Qd8 16. Qxf7 g5 17. Be3 Nc6 18. c4 Rd7 19. Qf5 Bd6 20. Rad1 Kb8
21. Bxc5 Bxh2+ 22. Kxh2 Rxd1 23. Rxd1 Qxd1 24. b4 Qd8 25. b5 axb5 26. cxb5 Na7
27. Qe5+ Ka8 28. Qb2 Qc7+ 29. g3 Rc8 30. Bd4 Qa5 31. a4 Qxa4 32. Ne5 Nxb5 33.
Nd7 Qxd4 34. Qxb5 Qxf2+ 35. Kh3 Rc6 36. Qa5+ 1-0

[Event "Quebec-ch 1/2 final"]
[Site "Montreal CAN"]
[Date "2006.06.17"]
[Round "3"]
[White "Roy, Myriam"]
[Black "Poirier, Erik"]
[Result "0-1"]
[WhiteElo "1723"]
[BlackElo "2092"]
[PlyCount "52"]
[EventDate "2006.06.16"]
[EventType "swiss"]
[EventRounds "5"]
[EventCountry "CAN"]

1. e4 c5 2. Nf3 Nc6 3. d4 cxd4 4. Nxd4 Nf6 5. Nc3 e5 6. Ndb5 d6 7. Bg5 a6 8.
Na3 b5 9. Nd5 Be7 10. Bxf6 Bxf6 11. c3 Ne7 12. Nxe7 Qxe7 13. c4 O-O 14. cxb5
Bb7 15. Bd3 axb5 16. O-O d5 17. Nxb5 dxe4 18. Bc2 Qb4 19. Nc3 Rfd8 20. Qb1 Be7
21. Nxe4 f5 22. Bb3+ Kh8 23. Nc3 Qg4 24. f3 Bc5+ 25. Kh1 Rd2 26. Rg1 Bxf3 0-1

[Event "Quebec-ch 1/2 final"]
[Site "Montreal CAN"]
[Date "2006.06.17"]
[Round "3"]
[White "Sicotte, Marc"]
[Black "Page, Denis"]
[Result "1/2-1/2"]
[WhiteElo "2054"]
[BlackElo "1785"]
[PlyCount "109"]
[EventDate "2006.06.16"]
[EventType "swiss"]
[EventRounds "5"]
[EventCountry "CAN"]

1. e4 c5 2. Nf3 e6 3. d4 cxd4 4. Nxd4 Nf6 5. Nc3 Nc6 6. Ndb5 d6 7. Bf4 e5 8.
Bg5 a6 9. Na3 Be6 10. Nd5 Bxd5 11. exd5 Qa5+ 12. c3 Qxd5 13. Bxf6 Qxd1+ 14.
Rxd1 gxf6 15. Nc4 Rd8 16. Ne3 Ne7 17. g3 h5 18. Bg2 b5 19. Bb7 a5 20. Nd5 Rh6
21. Nc7+ Kd7 22. Nxb5 Nc6 23. Rd5 Rb8 24. Bxc6+ Kxc6 25. c4 h4 26. O-O Be7 27.
g4 h3 28. Rfd1 f5 29. gxf5 Rg8+ 30. Kh1 Rg4 31. b3 Rf4 32. R1d2 Rxf5 33. Nd4+
exd4 34. Rxf5 Re6 35. Rd1 Re2 36. Rf3 Bh4 37. Rxh3 Bxf2 38. a4 Kc5 39. Kg2 Be3+
40. Kf3 Rf2+ 41. Ke4 f5+ 42. Kd3 Rb2 43. Rh8 Rxb3+ 44. Kc2 Rc3+ 45. Kb2 Rxc4
46. Rc8+ Kd5 47. Rxc4 Kxc4 48. Rf1 f4 49. h4 Kd3 50. h5 Ke2 51. h6 d3 52. Kc3
Kxf1 53. Kxd3 Bc1 54. Kc2 Be3 55. Kd3 1/2-1/2

[Event "Quebec-ch 1/2 final"]
[Site "Montreal CAN"]
[Date "2006.06.17"]
[Round "3"]
[White "Sullivan, Neil"]
[Black "Ye, Ling Feng"]
[Result "1-0"]
[WhiteElo "2135"]
[BlackElo "2065"]
[PlyCount "57"]
[EventDate "2006.06.16"]
[EventType "swiss"]
[EventRounds "5"]
[EventCountry "CAN"]

1. e4 c5 2. Nc3 Nc6 3. g3 g6 4. Bg2 Bg7 5. d3 d6 6. Be3 Nd4 7. Qd2 Bd7 8. Nd1
Qc7 9. c3 Nc6 10. Ne2 e6 11. O-O a6 12. d4 cxd4 13. cxd4 Nf6 14. Bh6 O-O 15.
Bxg7 Kxg7 16. f4 Rac8 17. Ne3 Qa5 18. Nc3 Qb6 19. Rad1 e5 20. fxe5 dxe5 21.
Rxf6 exd4 22. Rxc6 Bxc6 23. Ncd5 Bxd5 24. Nxd5 Qc5 25. b4 Qc4 26. Nb6 Qe6 27.
Qxd4+ Kg8 28. Nxc8 Rxc8 29. Qd7 1-0

[Event "Quebec-ch 1/2 final"]
[Site "Montreal CAN"]
[Date "2006.06.18"]
[Round "4"]
[White "Arsenault, Nicolas"]
[Black "Poirier, Erik"]
[Result "1/2-1/2"]
[WhiteElo "2090"]
[BlackElo "2092"]
[PlyCount "42"]
[EventDate "2006.06.16"]
[EventType "swiss"]
[EventRounds "5"]
[EventCountry "CAN"]

1. e4 c5 2. Nf3 Nc6 3. d4 cxd4 4. Nxd4 Nf6 5. Nc3 e5 6. Ndb5 d6 7. Bg5 a6 8.
Na3 b5 9. Bxf6 gxf6 10. Nd5 Bg7 11. c4 Nd4 12. Bd3 Be6 13. O-O Bxd5 14. cxd5
O-O 15. Qh5 Qa5 16. Rfd1 Qb4 17. Rab1 Rac8 18. Qh3 Rc7 19. Qe3 Rfc8 20. Rdc1
Rc5 21. Rxc5 Rxc5 1/2-1/2

[Event "Quebec-ch 1/2 final"]
[Site "Montreal CAN"]
[Date "2006.06.18"]
[Round "4"]
[White "Audet-Bouchard, Nicolas"]
[Black "Page, Denis"]
[Result "1-0"]
[WhiteElo "2190"]
[BlackElo "1785"]
[PlyCount "65"]
[EventDate "2006.06.16"]
[EventType "swiss"]
[EventRounds "5"]
[EventCountry "CAN"]

1. e4 c5 2. Nf3 e6 3. d4 cxd4 4. Nxd4 Nf6 5. Nc3 Nc6 6. Ndb5 d6 7. Bf4 e5 8.
Bg5 a6 9. Na3 Be6 10. Nc4 b5 11. Ne3 Be7 12. Bxf6 Bxf6 13. Ncd5 O-O 14. Bd3 Bg5
15. c3 Bxe3 16. Nxe3 Ne7 17. O-O d5 18. exd5 Nxd5 19. Qc2 f5 20. Bxf5 Bxf5 21.
Nxf5 Ne7 22. Rad1 Qc7 23. Nd6 Ng6 24. Rd2 Rf6 25. Rfd1 Raf8 26. Ne4 Rf5 27. Rd7
Qc4 28. Nd6 Qf4 29. Nxf5 Rxf5 30. Qd2 Qh4 31. g3 Qh3 32. Qd5+ Kh8 33. Qxe5 1-0

[Event "Quebec-ch 1/2 final"]
[Site "Montreal CAN"]
[Date "2006.06.18"]
[Round "4"]
[White "Lemire-Paquin, Alexandre"]
[Black "Sullivan, Neil"]
[Result "1/2-1/2"]
[WhiteElo "1977"]
[BlackElo "2135"]
[PlyCount "51"]
[EventDate "2006.06.16"]
[EventType "swiss"]
[EventRounds "5"]
[EventCountry "CAN"]

1. d4 d5 2. c4 e6 3. Nc3 c5 4. cxd5 cxd4 5. Qxd4 Nc6 6. Qd1 exd5 7. Qxd5 Bd7 8.
Nf3 Nf6 9. Qb3 Bc5 10. Bf4 Qe7 11. e3 O-O 12. a3 Be6 13. Qc2 Rac8 14. Be2 h6
15. O-O Nh5 16. Bg3 Bg4 17. Qa4 Bd7 18. Qe4 Nxg3 19. hxg3 Rfe8 20. Qxe7 Nxe7
21. Bb5 Red8 22. Bxd7 Rxd7 23. Rfd1 Rxd1+ 24. Rxd1 Bxa3 25. bxa3 Rxc3 26. Rd7
1/2-1/2

[Event "Quebec-ch 1/2 final"]
[Site "Montreal CAN"]
[Date "2006.06.18"]
[Round "4"]
[White "Libersan, Thierry"]
[Black "Ye, Ling Feng"]
[Result "1/2-1/2"]
[WhiteElo "2161"]
[BlackElo "2065"]
[PlyCount "55"]
[EventDate "2006.06.16"]
[EventType "swiss"]
[EventRounds "5"]
[EventCountry "CAN"]

1. d4 Nf6 2. c4 g6 3. Nc3 d5 4. Bf4 c6 5. Nf3 Bg7 6. e3 O-O 7. Qb3 dxc4 8. Bxc4
Nbd7 9. Ne5 Qe8 10. Be2 Nb6 11. O-O Nfd7 12. a4 Nxe5 13. Bxe5 Bxe5 14. dxe5 Be6
15. Qb4 Rb8 16. e4 f6 17. exf6 exf6 18. a5 Nd7 19. Rfd1 Qf7 20. Rd6 Rfe8 21.
Rad1 Nf8 22. h3 Qe7 23. Qd4 b6 24. axb6 Rxb6 25. Na4 Rbb8 26. Nc5 Bf7 27. Rxf6
Qe5 28. Qxe5 1/2-1/2

[Event "Quebec-ch 1/2 final"]
[Site "Montreal CAN"]
[Date "2006.06.18"]
[Round "4"]
[White "Pilotte, Benoit"]
[Black "Deschenes, Marc-Andre"]
[Result "1-0"]
[WhiteElo "1780"]
[BlackElo "1676"]
[PlyCount "75"]
[EventDate "2006.06.16"]
[EventType "swiss"]
[EventRounds "5"]
[EventCountry "CAN"]

1. d4 e6 2. e4 b6 3. Nc3 Bb7 4. Bd3 Bb4 5. Qg4 g6 6. Bg5 Be7 7. Bxe7 Nxe7 8.
O-O-O Nbc6 9. Nf3 d6 10. d5 exd5 11. Nxd5 Nxd5 12. exd5 Ne7 13. Bb5+ Kf8 14.
Qd4 Rg8 15. Ng5 Rg7 16. Qh4 Kg8 17. Rhe1 a6 18. Bc4 Nf5 19. Qf4 Qf8 20. g4 Ne7
21. Ne4 f5 22. Ng5 Bc8 23. Ne6 Bxe6 24. dxe6 fxg4 25. Qxg4 Qxf2 26. Qe4 Qf8 27.
Rf1 Qe8 28. Rf7 b5 29. Bb3 Rd8 30. Rdf1 Qc6 31. Qd4 Nf5 32. R1xf5 Qh1+ 33. Rf1
Qxf1+ 34. Rxf1 Re7 35. Rf7 Rxf7 36. exf7+ Kf8 37. Qh8+ Ke7 38. Qxd8+ 1-0

[Event "Quebec-ch 1/2 final"]
[Site "Montreal CAN"]
[Date "2006.06.18"]
[Round "4"]
[White "Roy, Myriam"]
[Black "Arsenault, Michel"]
[Result "0-1"]
[WhiteElo "1723"]
[BlackElo "2081"]
[PlyCount "63"]
[EventDate "2006.06.16"]
[EventType "swiss"]
[EventRounds "5"]
[EventCountry "CAN"]

1. e4 c5 2. Nf3 e6 3. d4 cxd4 4. Nxd4 Nf6 5. Nc3 d6 6. Be2 Be7 7. Be3 Nc6 8.
O-O O-O 9. f4 Qc7 10. Bf3 Bd7 11. Nb3 a6 12. a4 b6 13. Qe2 Rfd8 14. Rad1 Be8
15. Bf2 Nd7 16. Bg3 Nc5 17. Nxc5 bxc5 18. f5 Nd4 19. Qf2 Rab8 20. b3 Bf6 21.
fxe6 fxe6 22. Ne2 Nxc2 23. Rc1 Nb4 24. Rfd1 Rbc8 25. Nf4 Qe7 26. Kh1 Nc6 27.
Bg4 Bf7 28. Ne2 Rb8 29. Qe3 h5 30. Bf3 h4 31. e5 Nxe5 32. Bxe5 0-1

[Event "Quebec-ch 1/2 final"]
[Site "Montreal CAN"]
[Date "2006.06.18"]
[Round "5"]
[White "Arsenault, Michel"]
[Black "Arsenault, Nicolas"]
[Result "0-1"]
[WhiteElo "2081"]
[BlackElo "2090"]
[PlyCount "92"]
[EventDate "2006.06.16"]
[EventType "swiss"]
[EventRounds "5"]
[EventCountry "CAN"]

1. c4 Nf6 2. g3 e6 3. Bg2 a6 4. Nf3 b5 5. Nd4 c6 6. cxb5 axb5 7. Nxb5 cxb5 8.
Bxa8 d5 9. Qc2 Bd7 10. a4 Qa5 11. Bb7 b4 12. O-O Bc5 13. d3 Ng4 14. e3 O-O 15.
Bd2 Bd6 16. Rc1 Qb6 17. Be1 Qxb7 18. Nd2 Ne5 19. d4 Rc8 20. Qb3 Rxc1 21. Rxc1
Nec6 22. Qd3 Na5 23. b3 Qa6 24. Qxa6 Nxa6 25. Kf1 f6 26. Rb1 Kf7 27. Ke2 Ke7
28. f3 Nb8 29. Bf2 Nbc6 30. Kd3 Bc8 31. Re1 Ba6+ 32. Kc2 Kd7 33. g4 Bc7 34. Nf1
Bb6 35. Ng3 g6 36. h4 e5 37. g5 exd4 38. exd4 fxg5 39. hxg5 Bxd4 40. Nh1 Bc3
41. Rg1 d4 42. Ng3 d3+ 43. Kd1 Nxb3 44. Rh1 Ne5 45. Rxh7+ Kc6 46. Ne4 Nc4 0-1

[Event "Quebec-ch 1/2 final"]
[Site "Montreal CAN"]
[Date "2006.06.18"]
[Round "5"]
[White "Audet-Bouchard, Nicolas"]
[Black "Lemire-Paquin, Alexandre"]
[Result "1-0"]
[WhiteElo "2190"]
[BlackElo "1977"]
[PlyCount "61"]
[EventDate "2006.06.16"]
[EventType "swiss"]
[EventRounds "5"]
[EventCountry "CAN"]

1. e4 c5 2. Nf3 e6 3. d4 cxd4 4. Nxd4 Nc6 5. Nc3 a6 6. Be3 Qc7 7. Be2 Nf6 8.
O-O Bb4 9. Na4 Be7 10. Nxc6 bxc6 11. Nb6 Rb8 12. Nxc8 Qxc8 13. e5 Nd5 14. Bc1
Bc5 15. c4 Ne7 16. b3 Qc7 17. Bb2 O-O 18. Kh1 Qa7 19. Bd3 g6 20. Qd2 Rfd8 21.
Rad1 a5 22. Bc2 a4 23. Bc3 axb3 24. axb3 Qb7 25. Qh6 Nc8 26. Rd3 Bf8 27. Qf4
Qc7 28. Rf3 d6 29. exd6 Bxd6 30. Qh4 Re8 31. Qxh7+ 1-0

[Event "Quebec-ch 1/2 final"]
[Site "Montreal CAN"]
[Date "2006.06.18"]
[Round "5"]
[White "Dupont, Alain"]
[Black "Libersan, Thierry"]
[Result "1/2-1/2"]
[WhiteElo "1765"]
[BlackElo "2161"]
[PlyCount "116"]
[EventDate "2006.06.16"]
[EventType "swiss"]
[EventRounds "5"]
[EventCountry "CAN"]

1. e4 c5 2. Nf3 e6 3. d4 cxd4 4. Nxd4 Nf6 5. Nc3 Nc6 6. Bg5 Qb6 7. Bxf6 gxf6 8.
Nb3 a6 9. Qf3 Bg7 10. a3 O-O 11. h4 Qc7 12. Be2 b5 13. O-O Bb7 14. Rad1 Ne7 15.
Nd4 f5 16. Qd3 fxe4 17. Nxe4 f5 18. Ng3 Ng6 19. Nf3 Bc6 20. c3 Bd5 21. Nh5 Nf4
22. Nxf4 Qxf4 23. Qd2 Qc7 24. Nd4 Rad8 25. Bf3 Bxf3 26. Nxf3 d5 27. Rfe1 e5 28.
Qe2 Rfe8 29. a4 Qc4 30. axb5 axb5 31. Qc2 Qg4 32. Qb3 Qc4 33. Qc2 e4 34. Nd4 f4
35. Qc1 Be5 36. Qc2 Kh8 37. Qe2 Qxe2 38. Rxe2 Rg8 39. f3 Bxd4+ 40. Rxd4 exf3
41. Rf2 fxg2 42. Rxg2 f3 43. Rxg8+ Rxg8+ 44. Kf1 Rg2 45. b4 Rc2 46. Rd3 f2 47.
Rxd5 Rxc3 48. Rxb5 Rc2 49. Rb7 Rc4 50. h5 Rh4 51. Rb5 Rf4 52. Rb6 Kg8 53. h6
Kf7 54. b5 Rf5 55. Rb7+ Kg6 56. b6 Kxh6 57. Rb8 Rb5 58. Kxf2 Rb3 1/2-1/2

[Event "Quebec-ch 1/2 final"]
[Site "Montreal CAN"]
[Date "2006.06.18"]
[Round "5"]
[White "Pilotte, Benoit"]
[Black "Roy, Myriam"]
[Result "0-1"]
[WhiteElo "1723"]
[BlackElo "1780"]
[PlyCount "41"]
[EventDate "2006.06.16"]
[EventType "swiss"]
[EventRounds "5"]
[EventCountry "CAN"]

1. d4 d5 2. e4 dxe4 3. Nc3 Nf6 4. f3 exf3 5. Nxf3 Bf5 6. Bc4 e6 7. O-O c6 8.
Ne5 Bg6 9. Qf3 Qxd4+ 10. Kh1 Qxe5 11. Bf4 Qh5 12. Qg3 Nbd7 13. Be2 Qa5 14. Bc7
Qb4 15. b3 Nh5 16. Bxh5 Bxh5 17. Rf4 Qe7 18. Ne4 Qa3 19. Raf1 Bg6 20. Rxf7 Bxf7
21. Rxf7 0-1